Sīkulūzhīyat al-mihan : (Record no. 46445)

MARC details
000 -LEADER
fixed length control field 00829cam a22002411a 4500
001 - CONTROL NUMBER
control field ne 63002415
003 - CONTROL NUMBER IDENTIFIER
control field DLC
005 - DATE AND TIME OF LATEST TRANSACTION
control field 20260227111752.0
008 - FIXED-LENGTH DATA ELEMENTS--GENERAL INFORMATION
fixed length control field 911028s1962 ua b 000 0 arar
010 ## - LIBRARY OF CONGRESS CONTROL NUMBER
LC control number ne 63002415
035 ## - SYSTEM CONTROL NUMBER
System control number (OCoLC)24633229
040 ## - CATALOGING SOURCE
Original cataloging agency DLC
Transcribing agency MWalB
Modifying agency MWalB
-- DLC
042 ## - AUTHENTICATION CODE
Authentication code premarc
050 00 - LIBRARY OF CONGRESS CALL NUMBER
Classification number HF5549
Item number .M87
100 1# - MAIN ENTRY--PERSONAL NAME
Personal name Mursī, Sayyid ʻAbd al-Ḥamīd.
245 10 - TITLE STATEMENT
Title Sīkulūzhīyat al-mihan :
Remainder of title dirāsah ʻalamīyah taṭbīqīyah lil-mihan wa-atharhā fī al-fard wa-al-mujtamaʻ /
Statement of responsibility, etc. taʼlīf Sayyid ʻAbd al-Ḥamīd Mursī.
260 ## - PUBLICATION, DISTRIBUTION, ETC.
Place of publication, distribution, etc. al-Qāhirah :
Name of publisher, distributor, etc. Dār al-Nahḍah al-ʻArabīyah,
Date of publication, distribution, etc. 1962.
300 ## - PHYSICAL DESCRIPTION
Extent 9, 493 p. ;
Dimensions 24 cm.
500 ## - GENERAL NOTE
General note Errata leaf inserted.
504 ## - BIBLIOGRAPHY, ETC. NOTE
Bibliography, etc. note Includes bibliographical references.
650 #0 - SUBJECT ADDED ENTRY--TOPICAL TERM
Topical term or geographic name entry element Personnel management.
650 #0 - SUBJECT ADDED ENTRY--TOPICAL TERM
Topical term or geographic name entry element Vocational guidance.

No items available.

Powered by Koha